书目信息 |
| 题名: |
爱是教育的灵魂
|
|
| 作者: | 周西政 编著 | |
| 分册: | ||
| 出版信息: | 北京 北京师范大学出版社 2020.10 |
|
| 页数: | 198页 | |
| 开本: | 24cm | |
| 丛书名: | ||
| 单 册: | ||
| 中图分类: | G631.6 | |
| 科图分类: | ||
| 主题词: | 中学--素质教育--研究 | |
| 电子资源: | ||
| ISBN: | 978-7-303-24768-4 | |
| 000 | 01475nam0 2200313 45 | |
| 001 | 012001002797 | |
| 005 | 20140823170953.0 | |
| 010 | @a978-7-303-24768-4@dCNY56.00 | |
| 099 | @aCAL 012020020792 | |
| 100 | @a20200402d2020 em y0chiy0110 ea | |
| 101 | 0 | @achi |
| 102 | @aCN@b110000 | |
| 105 | @aa a 000yy | |
| 106 | @ar | |
| 200 | 1 | @a爱是教育的灵魂@Aai shi jiao yu de ling hun@d= Love is the soul of education@e学校素质教育的多维度探索@f周西政编著@zeng |
| 210 | @a北京@c北京师范大学出版社@d2020.10 | |
| 215 | @a198页@c图@d24cm | |
| 300 | @a并列题名:Love is the soul of education | |
| 300 | @a其他题名:学校素质教育的多维度探索 | |
| 314 | @a周西政, 正高级教师, 山东省物理特级教师, 山东省优秀教师等职。 | |
| 320 | @a有书目 (第196页) | |
| 330 | @a本书是山东省莘县二中在师德师风建设、教师队伍素质建设、学校文化打造、家庭教育配合等方面的最终研究成果, 为学校素质教育提供了重要的理论基础和实践经验。本书通过生动翔实的案例、系统可操作的课程体系, 经过大量理论研究和实践, 在传统文化、心理健康教育、家庭教育、课堂教学改革方面进行了大胆的改革创新。本书记录了山东省莘县二中在实践中不断完善的教育教学历程, 是一本对学校素质教育具有较强指导性的工具书, 能够为学校素质教育的有效开展提供明确的方法和指导。 | |
| 510 | 1 | @aLove is the soul of education@zeng |
| 517 | 1 | @a学校素质教育的多维度探索 |
| 606 | 0 | @a中学@x素质教育@x研究 |
| 690 | @aG631.6@v5 | |
| 701 | 0 | @a周西政@Azhou xi zheng@4编著 |
| 801 | @aCN@bAHXH@c20210922 | |
| 905 | @b1282586-90@dG631.6@e1212@f5 | |
| 爱是教育的灵魂= Love is the soul of education:学校素质教育的多维度探索/周西政编著.-北京:北京师范大学出版社,2020.10 |
| 198页:图;24cm |
| 并列题名:Love is the soul of education.-其他题名:学校素质教育的多维度探索 |
| ISBN 978-7-303-24768-4:CNY56.00 |
| 本书是山东省莘县二中在师德师风建设、教师队伍素质建设、学校文化打造、家庭教育配合等方面的最终研究成果, 为学校素质教育提供了重要的理论基础和实践经验。本书通过生动翔实的案例、系统可操作的课程体系, 经过大量理论研究和实践, 在传统文化、心理健康教育、家庭教育、课堂教学改革方面进行了大胆的改革创新。本书记录了山东省莘县二中在实践中不断完善的教育教学历程, 是一本对学校素质教育具有较强指导性的工具书, 能够为学校素质教育的有效开展提供明确的方法和指导。 |
| ● |
| 相关链接 |
|
|
|
|
正题名:爱是教育的灵魂
索取号:G631.6/1212
 
预约/预借
| 序号 | 登录号 | 条形码 | 馆藏地/架位号 | 状态 | 备注 |
| 1 | 1282586 | 212825861 | 第一样本阅览室/ [索取号:G631.6/1212] | 在馆 | |
| 2 | 1282587 | 212825870 | 教育系资料室/ [索取号:G631.6/1212] | 在馆 | |
| 3 | 1282588 | 212825889 | 教育系资料室/ [索取号:G631.6/1212] | 在馆 | |
| 4 | 1282589 | 212825898 | 第四借阅区/ [索取号:G631.6/1212] | 在馆 | |
| 5 | 1282590 | 212825905 | 第四借阅区/ [索取号:G631.6/1212] | 在馆 |